O prezidentovi Gottwaldovi tri prednášky

Bibliographic Details
Main Authors: Rais, Štefan, 1909-1975 (Author), Nečásek, František, 1913-1968 (Author), Pachta, Jan, 1906-1977 (Author)
Other Authors: Straka, Peter (Translator)
Format: Book
Language:Slovak
Czech
PhysicalDescription:62 s. 24 cm
Published: Bratislava Štátne nakladateľstvo 1951
Edition:1. vyd.
Subjects:

MARC

LEADER 00000cam a2200000 a 4500
001 vtls008393343
003 SK-MaSNL
005 20260311140428.0
008 230403s1951 xo g 000 0bslo
015 |a SNBA1951 
020 |q (brožované) 
035 |a SK01SNKBKSFS20010085560 
035 |a urn:nbn:sk:snk-am3hebj 
035 |a AB034BA6-CA98-4D12-9B15-098C4972779C 
035 |a urn:nbn:sk:snk-am00cskk 
035 |a SKM000088023 
040 |a SNK  |b slo  |c SNK  |e AACR2 
041 1 |a slo  |h cze 
043 |a e-cs--- 
044 |a xo  |c SK 
072 7 |a 32  |x Politika  |2 konspekt 
072 7 |a 929  |x Biografie  |2 konspekt 
080 |a 32-051  |2 2011 
080 |a 32  |2 2011 
080 |a (092)  |2 2011 
080 |a (437)  |2 2011 
100 1 |a Rais, Štefan,  |d 1909-1975  |4 aut  |9 48961 
245 1 0 |a O prezidentovi Gottwaldovi  |b tri prednášky  |c Štefan Rais, František Nečásek, Ján Pachta ; (prel. Peter Straka) 
250 |a 1. vyd. 
260 |a Bratislava  |b Štátne nakladateľstvo  |c 1951  |e Bratislava  |f Tatran 
300 |a 62 s.  |c 24 cm 
366 |e 10000 výtl. 
500 |a Pravdepodobne preložené z češtiny 
504 |a Obsahuje bibliografické odkazy 
650 0 7 |a prezidenti  |2 SNKPH  |9 4128 
650 0 7 |a politika  |2 SNKPH  |9 968 
651 7 |a Československo  |2 SNKPHgeo  |9 21376 
655 7 |a biografie  |2 SNKPH  |9 27965 
700 1 |a Nečásek, František,  |d 1913-1968  |4 aut  |9 184026 
700 1 |a Pachta, Jan,  |d 1906-1977  |4 aut  |9 184027 
700 1 |a Straka, Peter  |4 trl  |9 620245 
852 |a Slovenská národná knižnica 
954 |a odborná, vedecká literatúra cudzojazyčná (svetová)  |2 lita 
958 |a RK 
958 |a CZ 
958 |a NB 
958 |a OP 
958 |a OND 
958 |a EUIPO 
999 |c 953051  |d 954981 
952 |a SNK  |b SNK  |y PREZ  |7 0  |p 17A0763986  |o snkSC 4513  |i snk3039/51  |0 0  |1 0  |4 0  |d 2019-01-04  |f 1  |l 0  |r 2025-06-25 00:00:00  |w 2026-02-24